| 000 | 01044nam a2200337Ia 4500 | ||
|---|---|---|---|
| 999 |
_c200429443 _d47367 |
||
| 001 | 34333445 | ||
| 003 | TR-AnTOB | ||
| 005 | 20240910103117.0 | ||
| 007 | ta | ||
| 008 | 960308s1993 tu b 000 0 tur d | ||
| 010 | _a94955030 | ||
| 040 |
_aUUM _cUUM _dBGZ _beng _erda |
||
| 041 | 0 | _atur | |
| 043 | _aa-tu--- | ||
| 049 | _aBGZA | ||
| 050 | 0 | _aDR477 | |
| 090 | 0 |
_aDR477 _b.O98 1993 |
|
| 100 | 1 |
_aÖztürk, Osman Metin, _d1956- _4author _9119694 |
|
| 245 | 1 | 0 |
_aOrdu ve politika / _cOsman Metin Öztürk. |
| 264 |
_aAnkara : _bGündoğan Yayınları, _c1993. |
||
| 300 |
_a207 p. ; _c20 cm. |
||
| 336 |
_2rdacontent _atext _btxt |
||
| 337 |
_2rdamedia _aunmediated _bn |
||
| 338 |
_2rdacarrier _avolume _bnc |
||
| 490 | 0 |
_aGündoğan yayınları ; _v93.76. _aSiyaset/Sosyoloji dizisi ; _v02.19 |
|
| 504 | _aIncludes bibliographical references (p. 198-207). | ||
| 651 | 0 |
_aTurkey _xArmed Forces _xPolitical activity _929797 |
|
| 651 | 0 |
_aTürkiye _xSilahlı kuvvetler _xSiyasi faaliyet _988748 |
|
| 942 |
_2lcc _cBK |
||